00620nam a2200181Ia 4500003000900000008004100009040001600050080001600066100002200082245009900104260005200203300001500255650004100270650001600311942000700327999001300334952009100347IN-BaIIA211028s9999 xx 000 0 eng d cIIA Library a550.38bBAU aBauer, L. A.9532 0aOcean magnetic observations 1905-1916 and report on special researchesbvol. IIIcL. A. Bauer aWashington, D CbThe Carnegie Institutionc1917 avii, 447p. aAstronomy and Astrophysics Thesaurus aOceans9533 cBK c277d277 00104070aBANbKODcGENd0000-00-00l0o550.38/ BAUp254r2021-11-05w0000-00-00yBK